|
|
|
|
| LEADER |
01014nam a2200265 a 4500 |
| 001 |
c000172529 |
| 003 |
CARM |
| 005 |
19870820000000.0 |
| 008 |
870827s1925 vraab s000 0 eng d |
| 019 |
1 |
|
|a 4057299
|5 LACONCORD2021
|
| 035 |
|
|
|a (OCoLC)14869310
|5 LACONCORD2021
|
| 040 |
|
|
|a VMD
|b eng
|c VMD
|
| 042 |
|
|
|a anuc
|
| 043 |
|
|
|a u-at-ne
|
| 082 |
0 |
4 |
|a 553.282
|2 19
|
| 100 |
1 |
|
|a Wade, Arthur.
|
| 245 |
1 |
0 |
|a Petroleum :
|b report on investigations made in New South Wales /
|c by Arthur Wade.
|
| 260 |
|
|
|a Melbourne :
|b H. J. Green, Government Printer,
|c 1925.
|
| 300 |
|
|
|a 18 p., [1] plate :
|b ill., 1 map ;
|c 34 cm.
|
| 500 |
|
|
|a At head of title: Commonwealth of Australia.
|
| 650 |
|
0 |
|a Geology, Economic
|z New South Wales.
|
| 650 |
|
0 |
|a Petroleum
|x Geology
|z New South Wales.
|
| 852 |
8 |
|
|b CARM
|h A2:AR02D0
|i E01427
|p 0227715
|f BK
|
| 999 |
f |
f |
|i e0d62846-2377-556f-b682-01812ff2f798
|s 58af358a-fb17-5d6a-b926-40df7e95359e
|
| 952 |
f |
f |
|p Can circulate
|a CAVAL
|b CAVAL
|c CAVAL
|d CARM 1 Store
|e E01427
|f A2:AR02D0
|h Other scheme
|i book
|m 0227715
|